000 00693nam a2200229Ia 4500
003 OSt
005 20220716091659.0
008 210716s2017 xx 000 0 und d
020 _a9789385998744
040 _cAIMIT LIBRARY
041 _aeng
082 _a515.2433
_21
_bWEAH
100 _aWeaver, H Joseph.
_950240
245 _aDiscrete and continuous fourier analysis /
_cBy H Joseph Weaver.
250 _a1st ed.
260 _aNew Delhi :
_bMEDTECH ,
_c2017.
300 _axii,375p. ;
_c23 cm.
650 _aFourier analysis via a digital computer
_950241
650 _aSystems and transfer functions
_950242
650 _aNumerical analysis
_950243
942 _2ddc
_cBK
_e1st
_k23 cm.
999 _c195977
_d195977